Detalles MARC
| 000 -CABECERA |
| campo de control de longitud fija |
01034nam a2200265 a 4500 |
| 001 - NÚMERO DE CONTROL |
| campo de control |
000023913 |
| 005 - FECHA Y HORA DE LA ÚLTIMA TRANSACCIÓN |
| campo de control |
20200930022551.0 |
| 008 - DATOS DE LONGITUD FIJA--INFORMACIÓN GENERAL |
| campo de control de longitud fija |
110117s1973 ck a r 000 0 spa d |
| 040 ## - FUENTE DE LA CATALOGACIÓN |
| Centro catalogador/agencia de origen |
DO-SdBNP |
| Lengua de catalogación |
spa |
| Centro/agencia transcriptor |
BNPHU |
| 082 ## - NÚMERO DE LA CLASIFICACIÓN DECIMAL DEWEY |
| Número de clasificación |
515.63 |
| Número de documento/Ítem |
H873a |
| 049 ## - FONDOS LOCALES (OCLC) |
| Fondos de biblioteca |
BNGR |
| 100 1# - ENTRADA PRINCIPAL--NOMBRE DE PERSONA |
| Nombre de persona |
Hsu, Hwei P. |
| 9 (RLIN) |
49186 |
| 245 10 - MENCIÓN DE TÍTULO |
| Título |
Análisis vectorial / |
| Mención de responsabilidad, etc. |
Hwei P. Hsu ; editor Raj Mehra ; versión en español de Hernando Alfonso Castillo con la colaboración de Alejandro Montes Gómez Daza. |
| 260 ## - PUBLICACIÓN, DISTRIBUCIÓN, ETC. |
| Lugar de publicación, distribución, etc. |
México : |
| Nombre del editor, distribuidor, etc. |
Centro Regional de Ayuda Técnica, |
| -- |
Fondo Educativo Interamericano, |
| Fecha de publicación, distribución, etc. |
1973. |
| 300 ## - DESCRIPCIÓN FÍSICA |
| Extensión |
286 p. : |
| Otras características físicas |
il. ; |
| Dimensiones |
28 cm. |
| 490 1# - MENCIÓN DE SERIE |
| Mención de serie |
Teoría y problemas con solución |
| Designación de volumen o secuencia |
2946 |
| 650 #4 - PUNTO DE ACCESO ADICIONAL DE MATERIA--TÉRMINO DE MATERIA |
| Término de materia o nombre geográfico como elemento de entrada |
Análisis vectorial |
| 9 (RLIN) |
49187 |
| 650 #4 - PUNTO DE ACCESO ADICIONAL DE MATERIA--TÉRMINO DE MATERIA |
| Término de materia o nombre geográfico como elemento de entrada |
Vectores |
| 9 (RLIN) |
49188 |
| 650 #4 - PUNTO DE ACCESO ADICIONAL DE MATERIA--TÉRMINO DE MATERIA |
| Término de materia o nombre geográfico como elemento de entrada |
Algebra vectorial |
| 9 (RLIN) |
49189 |
| 650 #4 - PUNTO DE ACCESO ADICIONAL DE MATERIA--TÉRMINO DE MATERIA |
| Término de materia o nombre geográfico como elemento de entrada |
Espacios vectoriales |
| 9 (RLIN) |
49190 |
| 700 1# - PUNTO DE ACCESO ADICIONAL--NOMBRE DE PERSONA |
| Nombre de persona |
Mehra, Raj |
| Término indicativo de función/relación |
ed. |
| 9 (RLIN) |
49191 |
| 700 1# - PUNTO DE ACCESO ADICIONAL--NOMBRE DE PERSONA |
| Nombre de persona |
Alfonso Castillo, Hernando |
| Término indicativo de función/relación |
tr. |
| 9 (RLIN) |
49192 |
| 700 1# - PUNTO DE ACCESO ADICIONAL--NOMBRE DE PERSONA |
| Nombre de persona |
Gómez Daza, Alejandro Montes |
| Término indicativo de función/relación |
tr. |
| 9 (RLIN) |
49193 |
| 830 #0 - PUNTO DE ACCESO ADICIONAL DE SERIE-TÍTULO UNIFORME |
| Título uniforme |
Teoría y problemas con solución ; |
| Designación de volumen o secuencia |
2946 |
| 9 (RLIN) |
49194 |